000 00608nam a2200205 u 4500
005 20240228064027.0
008 110929s2006 es r 000 0 spa d
020 _a8466747346
035 _aUPN01000181979
049 _aI
050 4 _aPZ78
_bN4.2
100 1 _aNesquens, Daniel,
_d1967-
_931792
245 1 0 _aDespués de merendar /
_cDaniel Nesquens ; il. de Alekos.
260 _aMadrid :
_bAnaya,
_c2006.
300 _a22 p. :
_bil. col.
440 0 _aSopa de cuentos.
_pPrimeros lectores
650 4 _aLibros y lectura para niños
_92290
700 1 _aAlekos,
_d1953-
_eil.
_933565
905 _aInfantil
999 _c154082
_d154082